| 000 | 00754ntaaa2200241 4500 | ||
|---|---|---|---|
| 003 | 01 | ||
| 005 | 20251027203242.0 | ||
| 008 | 0714s1973 ag 01 | ||
| 020 | _a9506831017 | ||
| 040 |
_aAR-BaBN _bspa _cAR-BaBN _eaacr _dRIC |
||
| 082 | _a248.83 L59 | ||
| 100 | _aLeys, Lucas | ||
| 245 |
_aNo me metan en la bolsa : _bmanual / _cLucas Leys, Valeria Leys |
||
| 250 | _a1ยช ed. | ||
| 260 |
_aBuenos Aires : _bCerteza, _c2003 |
||
| 300 |
_a147 p. ; _c28 cm.; ilust |
||
| 500 | _aManual para estudios grupales del libro "No me metan en la bolsa". Liderazgo y adolescencia, grupo de amigos (LAGRAM) | ||
| 650 |
_aADOLECENTES _935104 |
||
| 650 |
_aPASTORAL _93993 |
||
| 650 |
_aDINAMICA DE GRUPO _9423 |
||
| 700 |
_aLeys, Valeria _935105 |
||
| 942 | _cBK | ||
| 999 |
_c27961 _d27961 |
||